Luật thương mại của nước Cộng hòa xã hội chủ nghĩa Việt Nam : The commercial law of The Socialist republic of VietNam (Song ngữ Anh - Việt)
Những điều luật của nhà nước ban hành về hoạt động thương mại, chế tài trong thương mại và việc giải quyết tranh chấp trong thương mại, quản lý nhà nước về thương mại và các điều khoản hướng dẫn thi hành...
保存先:
| フォーマット: | 図書 |
|---|---|
| 言語: | Undetermined |
| 出版事項: |
Hà Nội
Chính Trị Quốc Gia
1998
|
| 主題: | |
| タグ: |
タグ追加
タグなし, このレコードへの初めてのタグを付けませんか!
|
| Thư viện lưu trữ: | Trung tâm Học liệu Trường Đại học Cần Thơ |
|---|
| LEADER | 00989nam a2200205Ia 4500 | ||
|---|---|---|---|
| 001 | CTU_30735 | ||
| 008 | 210402s9999 xx 000 0 und d | ||
| 020 | |c 30000 | ||
| 082 | |a 346.59707 | ||
| 082 | |b L504 | ||
| 245 | 0 | |a Luật thương mại của nước Cộng hòa xã hội chủ nghĩa Việt Nam : | |
| 245 | 4 | |b The commercial law of The Socialist republic of VietNam (Song ngữ Anh - Việt) | |
| 260 | |a Hà Nội | ||
| 260 | |b Chính Trị Quốc Gia | ||
| 260 | |c 1998 | ||
| 520 | |a Những điều luật của nhà nước ban hành về hoạt động thương mại, chế tài trong thương mại và việc giải quyết tranh chấp trong thương mại, quản lý nhà nước về thương mại và các điều khoản hướng dẫn thi hành | ||
| 650 | |a Commercial law | ||
| 650 | |z Vietnam | ||
| 904 | |i Minh, 990525 | ||
| 980 | |a Trung tâm Học liệu Trường Đại học Cần Thơ | ||